<?xml version="1.0" encoding="UTF-8"?><?xml-stylesheet type="text/xsl" href="static/style.xsl"?><OAI-PMH xmlns="http://www.openarchives.org/OAI/2.0/" xmlns:xsi="http://www.w3.org/2001/XMLSchema-instance" xsi:schemaLocation="http://www.openarchives.org/OAI/2.0/ http://www.openarchives.org/OAI/2.0/OAI-PMH.xsd"><responseDate>2026-04-13T07:14:02Z</responseDate><request verb="GetRecord" identifier="oai:www.recercat.cat:10256/14259" metadataPrefix="marc">https://recercat.cat/oai/request</request><GetRecord><record><header><identifier>oai:recercat.cat:10256/14259</identifier><datestamp>2024-06-18T13:36:00Z</datestamp><setSpec>com_2072_452955</setSpec><setSpec>com_2072_2054</setSpec><setSpec>col_2072_452958</setSpec></header><metadata><record xmlns="http://www.loc.gov/MARC21/slim" xmlns:dcterms="http://purl.org/dc/terms/" xmlns:xsi="http://www.w3.org/2001/XMLSchema-instance" xmlns:doc="http://www.lyncode.com/xoai" xsi:schemaLocation="http://www.loc.gov/MARC21/slim http://www.loc.gov/standards/marcxml/schema/MARC21slim.xsd">
   <leader>00925njm 22002777a 4500</leader>
   <datafield ind2=" " ind1=" " tag="042">
      <subfield code="a">dc</subfield>
   </datafield>
   <datafield ind2=" " ind1=" " tag="720">
      <subfield code="a">Gordoa, Ana</subfield>
      <subfield code="e">author</subfield>
   </datafield>
   <datafield ind2=" " ind1=" " tag="720">
      <subfield code="a">Carreras, Gustavo</subfield>
      <subfield code="e">author</subfield>
   </datafield>
   <datafield ind2=" " ind1=" " tag="720">
      <subfield code="a">Sanz Ball-llosera, Núria</subfield>
      <subfield code="e">author</subfield>
   </datafield>
   <datafield ind2=" " ind1=" " tag="720">
      <subfield code="a">Viñas de Puig, Jordi</subfield>
      <subfield code="e">author</subfield>
   </datafield>
   <datafield ind2=" " ind1=" " tag="260">
      <subfield code="c">2017-01-26</subfield>
   </datafield>
   <datafield ind2=" " ind1=" " tag="520">
      <subfield code="a">Intentional mislabelling of seafood is a widespread problem, particularly with high-value species&#xd;
like tuna. In this study we examine tuna mislabelling, deliberate species substitution,&#xd;
types of substitution and its impact on prices. The survey covered the commercial chain,&#xd;
from Merca-Barna to fishmongers and restaurants in the Spanish Autonomous Community&#xd;
of Catalonia. To understand the geographic extent of the problem we also sampled Merca-&#xd;
Madrid, Europe's biggest fish market, and Merca-MaÂlaga for its proximity to the bluefin tuna&#xd;
migratory route and trap fishery. Monthly surveys were carried out over one year. The&#xd;
results showed a high deficiency in labelling: 75% of points of sale and 83% of restaurants&#xd;
did not specify the species, and in those cases the name of the species had to be asked. A&#xd;
total of 375 samples were analysed genetically, the largest dataset gathered in Europe so&#xd;
far. The identified species were Thunnus albacares, Thunnus thynnus and Thunnus obesus.&#xd;
Species substitution began at suppliers, with 40% of observed cases, increasing to&#xd;
58% at fishmongers and 62% at restaurants. The substitution was mainly on bluefin tuna (T.&#xd;
thynnus), 73% of cases. At restaurants, only during the bluefin fishing season, we observed&#xd;
a decrease of Bluefin tuna substitution and an increase of reverse substitution revealing&#xd;
some illegal fishing. The effect of species substitution on species prices was relevant: T.&#xd;
obesus increased its price by around €12 kg-1 when it was sold as bluefin. In view of the deficiency&#xd;
of labelling, the abuse of generic names and the lack of the bluefin catch document,&#xd;
we conclude that the Spanish regulations are ineffective, highlighting the need for policy&#xd;
execution, and the urgent need for information campaigns to Spanish consumers</subfield>
   </datafield>
   <datafield ind1="8" ind2=" " tag="024">
      <subfield code="a">http://hdl.handle.net/10256/14259</subfield>
   </datafield>
   <datafield tag="653" ind2=" " ind1=" ">
      <subfield code="a">Tonyina -- Etiquetatge</subfield>
   </datafield>
   <datafield tag="653" ind2=" " ind1=" ">
      <subfield code="a">Tuna -- Labeling</subfield>
   </datafield>
   <datafield tag="653" ind2=" " ind1=" ">
      <subfield code="a">Tonyina -- Indústria i comerç</subfield>
   </datafield>
   <datafield tag="653" ind2=" " ind1=" ">
      <subfield code="a">Tuna -- Grain trade</subfield>
   </datafield>
   <datafield ind2="0" ind1="0" tag="245">
      <subfield code="a">Tuna Species Substitution in the Spanish Commercial Chain: A Knock-On Effect</subfield>
   </datafield>
</record></metadata></record></GetRecord></OAI-PMH>